| 000 -LEADER |
| fixed length control field |
00824nam a22001457a 4500 |
| 008 - FIXED-LENGTH DATA ELEMENTS--GENERAL INFORMATION |
| fixed length control field |
220704b ||||| |||| 00| 0 eng d |
| 100 ## - MAIN ENTRY--PERSONAL NAME |
| Personal name |
Gupta, Poonam and Tyagi, Abhinav |
| 245 ## - TITLE STATEMENT |
| Title |
Global perspective |
| 260 ## - PUBLICATION, DISTRIBUTION, ETC. (IMPRINT) |
| Place of publication, distribution, etc |
Yojana |
| 300 ## - PHYSICAL DESCRIPTION |
| Extent |
66(3), Mar, 2022: p.37-40 |
| 520 ## - SUMMARY, ETC. |
| Summary, etc |
India is the world’s sixth-largest economy. It often also boasts of being the fastest-growing large economy. However, given its per capital income level of about USD 2000 a year, it is still considered a low middle-income country. Hence, economic growth remains an utmost priority for the county. The measures announced in the budget and the direction in which they steer the nation should help India become much more competitive globally. – Reproduced |
| 773 ## - HOST ITEM ENTRY |
| Main entry heading |
Yojana |
| 906 ## - LOCAL DATA ELEMENT F, LDF (RLIN) |
| Subject DIP |
ECONOMIC DEVELOPMENT |
| 942 ## - ADDED ENTRY ELEMENTS (KOHA) |
| Item type |
Articles |